000 00379nam a2200169Ia 4500
005 20250430022009.0
008 240331s9999 xx 000 0 und d
082 _bRAN
_a891
100 _aRanaweera,E
245 0 _aSedona
250 _a2nd
260 _aColombo
_bWomen's Education Centre
_c1985
300 _a112 p .,
650 _aWomen
650 _aPlantation
942 _cL
999 _c5318
_d5318